|
|
|
|
| LEADER |
01203nam a2200229 a 4500 |
| 001 |
GR-MES7402 |
| 008 |
000929s gr 000 0 gre d |
| 040 |
|
|
|a GrPaTEI
|b gre
|c GR-PaULI
|
| 040 |
|
|
|a GrPaTEI
|b gre
|c GR-PaULI
|
| 245 |
0 |
0 |
|a Εισαγωγή στην κοινωνιολογία του δικαίου /
|c Θανάσης Κ. Παπαχρίστου
|n 2ος τ. .
|p Η εμπειρική έρευνα.
|
| 260 |
|
|
|a Αθήνα-Κομοτηνή :
|b Σακκουλα,
|c 1986
|
| 300 |
|
|
|a 95 σελ.
|
| 500 |
|
|
|a Ευρετήριο σελ.(93-95)
|
| 504 |
|
|
|a Βιβλιογραφία σελ.(87-91)
|
| 650 |
|
4 |
|a Δίκαιο
|
| 650 |
|
4 |
|a Κοινωνιολογία
|
| 700 |
1 |
|
|a Παπαχρίστου, Θ.
|
| 942 |
|
|
|2 ddc
|
| 952 |
|
|
|0 0
|1 0
|2 ddc
|4 0
|6 340_115000000000000_ΠΑΠ
|7 0
|9 277754
|a MSLG
|b MSLG
|c BSC
|d 2021-01-17
|e 24
|f 0
|g 0.00
|l 0
|o 340.115 ΠΑΠ
|p 2420000007371
|r 2021-01-17 00:00:00
|t 1
|w 2021-01-17
|y BK15
|x 20010320 0 1
|x GrPaTEI
|
| 952 |
|
|
|0 0
|1 0
|2 ddc
|4 0
|6 340_115000000000000_ΠΑΠ
|7 0
|9 277755
|a MSLG
|b MSLG
|c BSC
|d 2021-01-17
|e 24
|f 0
|g 0.00
|l 0
|o 340.115 ΠΑΠ
|p 2420000015422
|r 2021-01-17 00:00:00
|t 1
|w 2021-01-17
|y BK15
|x 20000929 0 1
|x GrPaTEI
|
| 971 |
|
|
|a .b25858713
|b 16-04-20
|c 14-09-16
|
| 999 |
|
|
|c 161461
|d 161461
|